Water Wave Mechanics for Engineers and Scientists / (Record no. 311)

000 -LEADER
fixed length control field 00590nam a2200181Ia 4500
008 - FIXED-LENGTH DATA ELEMENTS--GENERAL INFORMATION
fixed length control field 190805s9999||||xx |||||||||||||| ||und||
020 ## - INTERNATIONAL STANDARD BOOK NUMBER
International Standard Book Number 9789810204211
Terms of availability
-- 9.00
082 04 - DEWEY DECIMAL CLASSIFICATION NUMBER
Classification number 627.042
Item number D344
100 1# - MAIN ENTRY--PERSONAL NAME
Personal name Dean, Rober G.
245 10 - TITLE STATEMENT
Title Water Wave Mechanics for Engineers and Scientists /
260 ## - PUBLICATION, DISTRIBUTION, ETC. (IMPRINT)
Place of publication, distribution, etc New Jersey :
Name of publisher, distributor, etc World Scientific,
Date of publication, distribution, etc 1991
300 ## - PHYSICAL DESCRIPTION
Extent xiii, 353 p.
Other physical details :
Dimensions ; 23 cm.
490 00 - SERIES STATEMENT
Series statement Advanced Series on Ocean Engineering;
Volume number/sequential designation Vol. 2
650 #0 - SUBJECT ADDED ENTRY--TOPICAL TERM
Topical term or geographic name as entry element Water waves
700 1# - ADDED ENTRY--PERSONAL NAME
Personal name Dalrymple, Robert A.
852 ## - LOCATION/CALL NUMBER
Location
942 ## - ADDED ENTRY ELEMENTS (KOHA)
Item type Books
Holdings
Withdrawn status Lost status Damaged status Not for loan Collection code Permanent location Current location Shelving location Date acquired Source of acquisition Cost, normal purchase price Full call number Barcode Date last seen Koha item type Public note
        Engineering IMU Kochi Library IMU Kochi Library Reference 2017-12-14 Segment Book Distrubuters 3159.52 627.042 D344 BK004740 2019-08-05 Books Shelf-5, Row-4
        Engineering IMU Kochi Library IMU Kochi Library Reference 2017-12-14 Segment Book Distrubuters 3159.52 627.042 D344 BK004739 2019-08-05 Books Shelf-5, Row-4


Copyright © All Rights Reserved by Indian Maritime University, Kochi Campus.
For any Suggestions/Query Contact to library or Email: library.kochi@imu.ac.in Ph:(0484)-2989402
(Web OPAC Designed by Rudra Ranjan. Maintained by IMU Kochi Library)

Powered by Koha